| 000 | 00789nam a22002777a 4500 | ||
|---|---|---|---|
| 005 | 20250703091225.0 | ||
| 008 | 180308t xxu||||| |||| 00| 0 eng d | ||
| 020 | _a9789351112440 | ||
| 040 | _cCSPC | ||
| 082 | 0 |
_a025.65 _bR140i |
|
| 100 | 1 |
_aRam, M., _eauthor. |
|
| 245 | 1 | 0 |
_aInformation networking concepts in library / _cM. Ram. |
| 260 |
_aNew Delhi : _bRandom Publications, _c2014. |
||
| 300 |
_a283 pages ; _c24 cm. |
||
| 336 |
_2rdacontent _atext |
||
| 337 |
_2rdamedia _aunmediated |
||
| 338 |
_2rdacarrier _avolume |
||
| 500 | _aIncludes index. | ||
| 650 | 1 | 0 | _aLibrary information networks. |
| 650 | 1 | 0 | _aLibrary cooperation. |
| 940 | _aMar | ||
| 940 | _aarly | ||
| 942 |
_cBK _2ddc |
||
| 999 |
_c2452 _d2452 |
||